Mujer y participación social: hacia la concertación de géneros en el cooperativismo centroamericano /

সংরক্ষণ করুন:
গ্রন্থ-পঞ্জীর বিবরন
প্রধান লেখক: García, Ana Isabel
সংস্থা লেখক: Confederación de Cooperativas del Caribe y Centroamérica, CCC-CA
অন্যান্য লেখক: ed.
বিন্যাস: পাঠ‍্য
প্রকাশিত: San José: CCC-CA
বিষয়গুলি:
ট্যাগগুলো: ট্যাগ যুক্ত করুন
কোনো ট্যাগ নেই, প্রথমজন হিসাবে ট্যাগ করুন!

MARC

LEADER 00000 a a2200000 04500
001 26049
003
040
020 |a 9977-82-010-4  
090 |a 147104  
100 |a García, Ana Isabel  
110 |a Confederación de Cooperativas del Caribe y Centroamérica  
245 |a Mujer y participación social: hacia la concertación de géneros en el cooperativismo centroamericano /  |c Confederación de Cooperativas del Caribe y Centroamérica  
260 |a San José:   |b CCC-CA  
300 |a 267 p   |b **no definido**  
650 |a MUJERES  
650 |a PARTICIPACION POLITICA  
650 |a PARTICIPACION SOCIAL  
650 |a ECONOMIA  
700 |a ed.  
710 |a CCC-CA  
999 |c 15852  |d 15852